<?xml version="1.0" encoding="UTF-8"?>
<collection xmlns="http://www.loc.gov/MARC21/slim">
 <record>
  <leader>00493pamaa2200157   4500</leader>
  <controlfield tag="001">0000029486</controlfield>
  <controlfield tag="005">20090610090000.0</controlfield>
  <datafield tag="020" ind1="0" ind2="0">
   <subfield code="a">073560858X </subfield>
  </datafield>
  <datafield tag="090" ind1="0" ind2="0">
   <subfield code="a">QA76.9.A25 </subfield>
   <subfield code="b">MIC 2000</subfield>
  </datafield>
  <datafield tag="245" ind1="0" ind2="0">
   <subfield code="a">MICROSOFT Windows 2000 security : </subfield>
   <subfield code="b">technical reference  </subfield>
   <subfield code="c">Internet Security Systems, Inc..</subfield>
  </datafield>
  <datafield tag="260" ind1="0" ind2="0">
   <subfield code="a">Washington: </subfield>
   <subfield code="b">Microsoft Press, </subfield>
   <subfield code="c">2000.</subfield>
  </datafield>
  <datafield tag="300" ind1=" " ind2=" ">
   <subfield code="a">xix, 582p.; </subfield>
   <subfield code="c">24cm.</subfield>
  </datafield>
  <datafield tag="650" ind1="0" ind2="0">
   <subfield code="a">Microsoft windows (Computer file) </subfield>
  </datafield>
  <datafield tag="650" ind1="0" ind2="0">
   <subfield code="a">Computer security </subfield>
  </datafield>
  <datafield tag="710" ind1="1" ind2="1">
   <subfield code="a">Internet Security Systems, Inc. </subfield>
  </datafield>
 </record>
</collection>
